000 01106nam a2200313 i 4500
001 768714001
003 CO-MdFUSB
005 20220804152640.0
007 ta
008 220221t1966 -usabcd| |||| 00| 0 eng d
020 _a[No incluye ISBN]
040 _aCO-MdFUSB
_bspa
_cCO-MdFUSB
_dCO-MdFUSBC
_erda
041 _aeng
082 _223
_a225.7
_bN532
245 _aNew Testament illustrations
_c/ compilado por Clifford M. Jones
264 1 _aEstados Unidos :
_bCambridge University Press,
_c[1966]
264 4 _c© 1966
300 _a189 páginas
_c; 25 cm
336 _2rdacontent
_atexto
_btxt
337 _2rdamedia
_asin mediación
_bn
338 _2rdacarrier
_avolumen
_bnc
490 _aThe Cambridge Bible Commentary
505 _aSobre este libro. -- El trasfondo del Nuevo Testamento. -- El crecimiento del Nuevo Testamento. -- Arte cristiano. -- Canto cristiano y símbolos. -- Mapas y planos. -- Gráfico y diagramas.
563 _aRústico
630 0 7 _aBiblia.
_pNuevo Testamento
_xCrítica, interpretación, etc.
942 _cBK
945 _aJTF-925
999 _c67280
_d67280